000 00383nam a2200157Ia 4500
008 151213s9999 xx 000 0 und d
100 _aC.N. Shankar
245 _aPrinciples Of Sociology
_cC.N. Shankar
250 _a6th
260 _aNew Delhi
_bS. Chand & Co.
_c2007
300 _a4268 p.
650 _aSociology
650 _aSociology
700 _aC.N. Shankar
999 _c2691
_d2691